Years of Grade School in 15 Seconds - Statistics

General Stats
  • This quiz has been taken 110 times
  • The average score is 3 of 13
Answer Stats
Year of Grade School % Correct
First Grade
75%
Second Grade
64%
Kindergarten
58%
Third Grade
42%
Fourth Grade
25%
Fifth Grade
14%
Sixth Grade
5%
Seventh Grade
3%
Eighth Grade
2%
Eleventh Grade
0%
Ninth Grade
0%
Tenth Grade
0%
Twelfth Grade
0%
No matching quizzes found
Score Distribution
Percent of People with Each Score
Percentile by Number Answered
Your Score History
You have not taken this quiz